00705nam a2200241 a 4500001001300000003000900013005001700022008004100039020001000080082002000090100001900110245004600129260003600175300000900211500003500220505001100255650002700266700001900293902000800312942000700320952012100327999001500448nice12345678IN_TiNIC20260116012610.0050524s1987 dela grp 000 0 urd  ac10000a891.43909bSAR1 aSarwar, Tonsvi aBa Kooe Yaar, Ba Andaaz-E-Mahrimana Guzar aDelhibShan-E-Hind Officec1987 a271p aincludes index and biblioraphy2 aErrata aBiography-Urdu Writers1 aSarwar, Tonsvi bSRS cBK 001040708StackRoom-aHMIbHMId2007-06-22g100.00l0o891.43909 SAR1p012692r2007-06-22v100.00w2005-05-24yBK c7616d7616